000 01154cam a2200325 a 4500
001 30252
003 BD-RjUL
005 20211209051533.0
008 140409r19831982enka b 001 0 eng d
020 _a0521240646
020 _a0521284147 (pbk.)
035 _a(BD-RjUL)30337
040 _aDLC
_cDLC
_dDLC
_dBD-RjUL
_beng
041 _aeng
082 0 0 _a153.46
_219
_bJUD 1983
245 0 0 _aJudgment under uncertainty :
_bheuristics and biases /
_cedited by Daniel Kahneman, Paul Slovic, Amos Tversky.
260 _aCambridge ;
_aNew York :
_bCambridge University Press,
_cc1982. [Reprinted 1983]
300 _axiii, 555 p. :
_bill. ;
_c24 cm.
504 _aBibliography: p. [521]-551. and Index
650 0 _aJudgment.
_991959
650 0 _aHeuristic.
_991960
700 1 _aKahneman, Daniel,
_d1934-
_991961
700 1 _aSlovic, Paul,
_d1938-
_991962
700 1 _aTversky, Amos.
_991963
856 4 2 _3Publisher description
_uhttp://www.loc.gov/catdir/description/cam022/81010042.html
856 4 1 _3Table of contents
_uhttp://www.loc.gov/catdir/toc/cam029/81010042.html
942 _2ddc
_cBK
999 _c30252
_d30252